Izbrannye trudy : vospominanii︠a︡, mysli, opyt istorika /

Bibliographic Details
Main Author: Druzhinin, N. M. (Nikolaĭ Mikhaĭlovich), 1886-1986
Other Authors: Dmitriev, S. S. (Sergeĭ Sergeevich)
Format: Book
Language:Russian
Published: Moskva : "Nauka", 1990.
Subjects:

MARC

Tag First Indicator Second Indicator Subfields
LEADER 00000cam a2200000Ia 4500
001 in00001785713
005 20151025102143.0
008 910325s1990 ru a b 001 0 rusod
020 |a 5020095451 
035 |a (OCoLC)ocm23291969 
040 |a WAU  |c WAU  |d OCL  |d TXA  |d UtOrBLW 
043 |a e-ur--- 
049 |a TXAM 
090 |a DK38.7.D7  |b A3 1990 
100 1 |a Druzhinin, N. M.  |q (Nikolaĭ Mikhaĭlovich),  |d 1886-1986. 
240 1 0 |a Works.  |k Selections.  |f 1990 
245 1 0 |a Izbrannye trudy :  |b vospominanii︠a︡, mysli, opyt istorika /  |c N.M. Druzhinin ; otvetstvennyĭ redaktor S.S. Dmitriev. 
264 1 |a Moskva :  |b "Nauka",  |c 1990. 
300 |a 510 pages :  |b illustrations ;  |c 25 cm. 
336 |a text  |b txt  |2 rdacontent 
337 |a unmediated  |b n  |2 rdamedia 
338 |a volume  |b nc  |2 rdacarrier 
504 |a Includes bibliographical references and indexes. 
600 1 0 |a Druzhinin, N. M.  |q (Nikolaĭ Mikhaĭlovich),  |d 1886-1986. 
650 0 |a Historians  |z Soviet Union  |v Biography. 
700 1 |a Dmitriev, S. S.  |q (Sergeĭ Sergeevich) 
740 0 |a Vospominanii︠a︡, mysli, opyt istorika. 
948 |a cataloged  |b h  |c 2003/9/25  |d c  |e spoltoratski  |f 1:44:20 pm 
994 |a E0  |b TXA 
999 |a MARS 
999 f f |s e7931c4e-18e7-3c36-b7f3-d99f690bf4e6  |i 8691e2a8-aafb-345d-9f1e-fe1d888a5726  |t 0 
952 f f |p ric  |a Texas A&M University  |b Rellis Campus  |c Joint Library Facility  |d Remote Storage  |t 0  |e DK38.7.D7 A3 1990  |h Library of Congress classification  |i unmediated -- volume  |m A14830515309 
998 f f |a DK38.7.D7 A3 1990  |t 0  |l Remote Storage